Word Scramble Geography by Letter - Z - Statistics

General Stats
  • This quiz has been taken 358 times
  • The average score is 4 of 5
Answer Stats
Answer % Correct
Zambia
97%
Zimbabwe
94%
Zion
89%
Zulu
85%
Zurich
82%
Zaire
80%
Zagreb
75%
Zealand
68%
Zambezi
64%
Zanzibar
64%
Zaragoza
47%
No matching quizzes found
Score Distribution
Percent of People with Each Score
Percentile by Number Answered
Your Score History
You have not taken this quiz